Columbia dictionary of modern European literature / (Record no. 22633)
[ view plain ]
| 000 -LEADER | |
|---|---|
| fixed length control field | 00851nam a2200253 4500 |
| 001 - CONTROL NUMBER | |
| control field | 22633 |
| 003 - CONTROL NUMBER IDENTIFIER | |
| rucl marc code | BD-RjUL |
| 005 - DATE AND TIME OF LATEST TRANSACTION | |
| control field | 20211209000830.0 |
| 008 - FIXED-LENGTH DATA ELEMENTS--GENERAL INFORMATION | |
| fixed length control field | 140309s1946 nyu bd 000 0deng |
| 035 ## - SYSTEM CONTROL NUMBER | |
| System control number | (BD-RjUL)22698 |
| 040 ## - CATALOGING SOURCE | |
| Original cataloging agency | DLC |
| Transcribing agency | DLC |
| Modifying agency | DLC |
| -- | BD-RjUL |
| Language of cataloging | eng |
| 041 ## - LANGUAGE CODE | |
| Language code of text/sound track or separate title | eng |
| 082 00 - DEWEY DECIMAL CLASSIFICATION NUMBER | |
| Classification number | 803 |
| Author mark and year | COL 1946 |
| 245 00 - TITLE STATEMENT | |
| Title | Columbia dictionary of modern European literature / |
| Statement of responsibility, etc. | Horatio Smith, general editor. |
| 260 ## - PUBLICATION, DISTRIBUTION, ETC. (IMPRINT) | |
| Place of publication, distribution, etc. | New York : |
| Name of publisher, distributor, etc. | Columbia university press, |
| Date of publication, distribution, etc. | 1946. |
| 300 ## - PHYSICAL DESCRIPTION | |
| Pagination | xiv, 899 p. ; |
| Size | 24 cm. |
| 650 #0 - SUBJECT ADDED ENTRY--TOPICAL TERM | |
| Topical term or geographic name as entry element | European literature |
| General subdivision | Dictionaries. |
| 9 (RLIN) | 69861 |
| Topical term or geographic name as entry element | European literature |
| Chronological subdivision | 20th century |
| General subdivision | Bio-bibliography. |
| 9 (RLIN) | 69862 |
| Topical term or geographic name as entry element | Authors, European |
| Chronological subdivision | 20th century |
| General subdivision | Biography |
| -- | Dictionaries. |
| 9 (RLIN) | 69863 |
| 700 1# - ADDED ENTRY--PERSONAL NAME | |
| Personal name | Smith, Horatio Elwin, |
| Dates associated with a name | 1886-1946, |
| Relator term | ed. |
| 942 ## - ADDED ENTRY ELEMENTS (KOHA) | |
| Source of classification or shelving scheme | Dewey Decimal Classification |
| Koha item type | Books |
| Lost status | Source of classification or shelving scheme | Damaged status | Not for loan | Collection code | Permanent Location | Current Location | Shelving location | Date acquired | Source of acquisition | Cost, normal purchase price | Total Checkouts | Full call number | Date last seen | Copy number | Koha item type |
|---|---|---|---|---|---|---|---|---|---|---|---|---|---|---|---|
| Dewey Decimal Classification | Added to bundle | Non-fiction | Central Library, University of Rajshahi | Central Library, University of Rajshahi | Reading Room | 09/07/1991 | Shawkat Usman | 5.00 | 803 COL 1946 | 09/03/2014 | C-1 | Books |